| 000 | 00988nam a22002297a 4500 | ||
|---|---|---|---|
| 003 | OSt | ||
| 005 | 20260512140040.0 | ||
| 008 | 260512b |||||||| |||| 00| 0 eng d | ||
| 020 | _a9781529073447 | ||
| 040 | _aKenya National Library Service | ||
| 082 | _a940.5318092 EBE | ||
| 100 |
_aEbert, Lily _eAuthor |
||
| 245 |
_aLily's Promise : _bhow I survived Auschwitz and found the strength to live / _cLily Ebert, Dov Forman |
||
| 300 |
_a303 pages : _billustrations ; _c20 cm |
||
| 520 | _aIn Lily's promise she writes about her happy childhood in Hungary, the death of her mother and two youngest siblings on their Auschwitz in 1944, and her determination to keep her two remaining sisters safe. She describes the inhumanity of the camp and the small acts of defiance that gave her strength. | ||
| 650 | _aHistory of Europe. | ||
| 650 | _aBiography. | ||
| 700 |
_aForman, Dov _eAuthor |
||
| 942 |
_2ddc _cBK _n0 |
||
| 999 |
_c492715 _d492715 |
||